000 00620cam a2200217 4500
008 090401t1990 xxu||||| |||| 00| 0 eng d
020 _a187222203X
035 _a(Sirsi) u39687
041 _aeng
050 _a692.8
100 _aKnowles, Roger
245 2 _aA guide to the JCT Measured Term Contract 1987.
260 _aKnutsford, Cheshire
_bKnowles Publications
_c1990
300 _a35p. ; 30cm.
350 _a9.95
650 _aBUILT ENVIRONMENT-BUILDING CONTRACT FORMS
650 _aJCT STANDARD FORM OF MEASURED TERM CONTRACT
650 _aMEASURED TERM CONTRACTS
942 _n0
948 _c04/03/1997
999 _c90832
_d90832